000 00378nam a2200145Ia 4500
008 240624s9999 xx 000 0 und d
041 _aeng
082 _a658.7 CHR
100 _aCHRISTOPHER MARTIN
245 _aLOGISTIC AND SUPPLY CHAIN MANAGEMENT STR
250 _a(2nd ed.)
260 _c2007
_aNew Delhi
_bPearson Education
300 _a304 : p. : cm. ; 22
365 _c
_b33
999 _c4228
_d4228